[Event "AUTO-ADV-4922"]
[Site "http://www.queenalice.com/game.php?id=1870083"]
[Date "2026.3.5"]
[Round "1"]
[White "shmurtz91"]
[Black "MHRangel"]
[Result "0-1"]
[WhiteElo "1953"]
[BlackElo "1856"]

1. d4 g6 2. Nf3 Bg7 3. e4 Nf6 4. Nc3 O-O 5. e5 Ne8 6. Bf4 e6 7. Bd3 d6 8. Qd2
Nc6 9. h4 dxe5 10. dxe5 h5 11. g4 hxg4 12. Ng5 Nd4 13. O-O-O Nf3 14. Qe3 f6 15.
Bxg6 Qe7 16. Bh7+ Kh8 17. Bg6 fxg5 18. hxg5+ Kg8 19. Bh7+ Kh8 20. Bg6+ Kg8 21.
Qe4 Nxg5 22. Qg2 Rxf4 23. Ne2 Rf3 24. Qxg4 Rxf2 25. Nf4 Bxe5 26. Bxe8 Rxf4 27.
Qh5 Bf6 28. Rdg1 Rf5 29. Rg4 Bd7 30. Qg6+ Bg7 31. Rgh4 Rf1+ 32. Rxf1 Bxe8 33.
Qd3 Bc6 34. Rg1 Rf8 35. Qg3 Rf5 0-1

[Event "AUTO-ADV-4922"]
[Site "http://www.queenalice.com/game.php?id=1870100"]
[Date "2026.3.5"]
[Round "1"]
[White "shmurtz91"]
[Black "maurice916"]
[Result "0-1"]
[WhiteElo "1988"]
[BlackElo "1794"]

1. d4 d6 2. e4 Nf6 3. Nc3 c6 4. Bg5 Bg4 5. f3 Bh5 6. g4 Bg6 7. Bd3 h6 8. Bf4
Nbd7 9. Qe2 e6 10. h4 Be7 11. O-O-O Qb6 12. e5 Bxd3 13. Rxd3 dxe5 14. dxe5 Nd5
15. Bg3 O-O-O 16. Qd2 Qc7 17. f4 Nxc3 18. Qxc3 Nb6 19. Rf3 Nd5 20. Qb3 Nb6 21.
Ne2 Rd5 22. Rhf1 Qd8 23. Nc3 Rd7 24. a4 Nd5 25. Ne2 Bxh4 26. Bh2 Be7 27. f5 h5
28. g5 Bxg5+ 29. Kb1 exf5 30. Rxf5 f6 31. Ng3 Ne3 32. Rxg5 Nxf1 33. e6 Rd1+ 34.
Ka2 fxg5 35. Ne4 Nxh2 36. Nc5 Qd5 0-1

[Event "AUTO-ADV-4922"]
[Site "http://www.queenalice.com/game.php?id=1870101"]
[Date "2026.3.5"]
[Round "1"]
[White "maurice916"]
[Black "shmurtz91"]
[Result "1-0"]
[WhiteElo "1838"]
[BlackElo "1969"]

1. Nf3 d5 2. b3 c5 3. Bb2 Nf6 4. e3 a6 5. g3 e6 6. Bg2 Nc6 7. d4 b6 8. O-O Be7
9. c4 O-O 10. cxd5 exd5 11. dxc5 bxc5 12. Nbd2 a5 13. Rc1 Qb6 14. Re1 c4 15.
Bxf6 Bxf6 16. bxc4 d4 17. exd4 Bxd4 18. Nxd4 1-0

[Event "AUTO-ADV-4924"]
[Site "http://www.queenalice.com/game.php?id=1870436"]
[Date "2026.3.13"]
[Round "1"]
[White "shmurtz91"]
[Black "Shizumaru_Hisame"]
[Result "0-1"]
[WhiteElo "1893"]
[BlackElo "1958"]

1. e4 d5 2. e5 d4 3. d3 Nc6 4. f4 e6 5. Nf3 Bc5 6. Nbd2 Bd7 7. a3 Qe7 8. Be2
O-O-O 9. b4 Bb6 10. Nc4 Be8 11. O-O h6 12. Bd2 f6 13. b5 Nb8 14. a4 a6 15. a5
Bc5 16. Qb1 Bxb5 17. Rc1 g5 18. exf6 Nxf6 19. Nfe5 Rdg8 20. c3 dxc3+ 21. Be3
Bxe3+ 22. Nxe3 gxf4 23. N3c4 Nd5 24. d4 Nc6 25. Nxc6 Bxc6 26. Ne5 Ne3 27. Bf3
Bxf3 28. Nxf3 Rxg2+ 29. Kh1 Qf7 30. Nh4 Rf2 31. Qe4 Qh5 32. Nf3 Qxf3+ 0-1

[Event "AUTO-ADV-4924"]
[Site "http://www.queenalice.com/game.php?id=1870437"]
[Date "2026.3.13"]
[Round "1"]
[White "Shizumaru_Hisame"]
[Black "shmurtz91"]
[Result "0-1"]
[WhiteElo "1919"]
[BlackElo "1998"]

1. d4 Nf6 2. Bd2 b6 3. Bb4 Bb7 4. f3 d5 5. Nc3 Nc6 6. Ba3 a6 7. Qd2 g6 8. O-O-O
b5 9. Bc5 Bg7 10. g4 O-O 11. h4 Nd7 12. Nxd5 Nb6 13. Nc3 e5 14. Bxf8 Qxf8 15.
dxe5 Nc4 16. Qe1 Qb4 17. Nxb5 Qxb2# 0-1

[Event "AUTO-ADV-4924"]
[Site "http://www.queenalice.com/game.php?id=1870438"]
[Date "2026.3.13"]
[Round "1"]
[White "shmurtz91"]
[Black "dosoldini"]
[Result "1-0"]
[WhiteElo "1986"]
[BlackElo "1653"]

1. d4 d5 2. c4 dxc4 3. e4 Nf6 4. e5 Nfd7 5. Nf3 h6 6. Bxc4 e6 7. d5 Qe7 8. dxe6
fxe6 9. Nc3 Nc6 10. Bf4 Qb4 11. Bb3 g5 12. Bd2 Nc5 13. Nd5 Qe4+ 14. Be3 Nd3+ 15.
Kf1 exd5 16. Nd2 Ndxe5 17. Nxe4 dxe4 18. Qh5+ Ke7 19. Bxg5+ 1-0

[Event "AUTO-ADV-4924"]
[Site "http://www.queenalice.com/game.php?id=1870439"]
[Date "2026.3.13"]
[Round "1"]
[White "dosoldini"]
[Black "shmurtz91"]
[Result "0-1"]
[WhiteElo "1645"]
[BlackElo "1996"]

1. e4 e5 2. Nf3 Nc6 3. a3 Nf6 4. Nc3 Bc5 5. b4 Bb6 6. b5 Ne7 7. Bc4 O-O 8. h3 c6
9. Nxe5 d5 10. Bb3 dxe4 11. Nc4 Bd4 12. Bb2 Nfd5 13. Qe2 Bxc3 14. Bxc3 cxb5 15.
Ne3 Nxc3 16. dxc3 Qc7 17. c4 Qa5+ 18. Kf1 Qc3 19. Ra2 Be6 20. Nd1 Qe5 21. Ne3
Nc6 22. cxb5 Nd4 23. Qd2 Nf3 24. gxf3 exf3 25. Bd5 Qg5 26. Bxf3 Bxa2 27. Rg1 Qh6
28. Rg3 f5 29. Qd3 Qe6 30. Bd5 Bxd5 31. Nxd5 a6 32. c4 axb5 33. cxb5 Rad8 34.
Qd4 Rf7 35. Nf4 Qe8 36. Qc4 Qe4 0-1

[Event "AUTO-ADV-4924"]
[Site "http://www.queenalice.com/game.php?id=1870440"]
[Date "2026.3.13"]
[Round "1"]
[White "shmurtz91"]
[Black "altair"]
[Result "0-1"]
[WhiteElo "1933"]
[BlackElo "1797"]

1. d4 d5 2. Nc3 e6 3. Bf4 a6 4. e4 Nf6 5. Bd3 Bb4 6. Ne2 O-O 7. O-O Bxc3 8. Nxc3
Nc6 9. Ne2 dxe4 10. Bc4 h6 11. Ng3 Nxd4 12. Qd2 b5 13. c3 Nf5 14. Qxd8 Rxd8 15.
Bb3 c5 16. Bc2 Bb7 17. Rae1 Nxg3 18. Bxg3 b4 19. Re2 bxc3 20. bxc3 a5 21. Be5
Ba6 22. Rfe1 Bxe2 23. Rxe2 Rd5 24. Bxf6 gxf6 25. g4 f5 26. Kg2 Rad8 27. Bb3 Rd2
28. Re3 R8d3 29. Rg3 Rxg3+ 0-1

[Event "AUTO-OPEN-4643"]
[Site "http://www.queenalice.com/game.php?id=1870478"]
[Date "2026.3.13"]
[Round "1"]
[White "shmurtz91"]
[Black "Fauquinelle"]
[Result "0-1"]
[WhiteElo "2010"]
[BlackElo "2071"]

1. d4 d5 2. Nc3 c6 3. e3 Bf5 4. Nge2 Qc7 5. Ng3 Bg6 6. e4 dxe4 7. Ncxe4 Nd7 8.
Bd3 Ngf6 9. Qf3 O-O-O 10. b4 e6 11. b5 c5 12. b6 Qxb6 13. O-O cxd4 14. c4 Nc5
15. Rb1 Qc6 16. Re1 Nxd3 17. Qxd3 Bc5 18. Bd2 h5 19. Rb5 b6 20. a4 h4 21. Qb3
Nxe4 22. Nxe4 Bxe4 23. Bf4 Bxg2 24. Re5 Bh3 25. Rexc5 bxc5 26. Qxh3 f6 27. Qa3
Kd7 28. a5 Rc8 29. Qb3 g5 30. Bb8 Rxb8 31. Rxb8 Rxb8 32. Qxb8 Qc7 33. Qh8 Qd8
34. Qh7+ Qe7 35. Qc2 f5 36. a6 Kd6 37. Qb1 Ke5 38. Qb8+ Kf6 39. Qb3 e5 0-1

[Event "AUTO-OPEN-4643"]
[Site "http://www.queenalice.com/game.php?id=1870479"]
[Date "2026.3.13"]
[Round "1"]
[White "Fauquinelle"]
[Black "shmurtz91"]
[Result "0-1"]
[WhiteElo "2105"]
[BlackElo "1964"]

1. d4 Nf6 2. c4 d5 3. Nc3 Nc6 4. Bf4 a6 5. Nf3 b6 6. cxd5 Nxd5 7. e4 Nxf4 8. g3
Ng6 9. Qb3 Bg4 10. Be2 Bxf3 11. Bxf3 Nxd4 12. Qd1 Nxf3+ 13. Qxf3 Ne5 14. Qf5
Nd3+ 15. Ke2 e6 16. Qf3 Ne5 17. Qh5 Qd3+ 18. Ke1 Nf3+ 19. Qxf3 Qxf3 0-1

[Event "AUTO-OPEN-4643"]
[Site "http://www.queenalice.com/game.php?id=1870480"]
[Date "2026.3.13"]
[Round "1"]
[White "shmurtz91"]
[Black "mvson33"]
[Result "1-0"]
[WhiteElo "2001"]
[BlackElo "1829"]

1. e4 d5 2. exd5 Qxd5 3. Nc3 Qa5 4. Nf3 c6 5. Bc4 Nf6 6. d4 Bg4 7. Bd2 Qc7 8. d5
cxd5 9. Bxd5 e6 10. Bb3 Nc6 11. a3 Be7 12. h3 Bh5 13. g4 Bg6 14. Qe2 O-O 15.
O-O-O Rad8 16. Nh4 Nd4 17. Qc4 Nxb3+ 18. Qxb3 Ne4 19. Nxg6 hxg6 20. Nxe4 Rc8 21.
h4 Qc6 22. Rde1 Rfd8 23. Bg5 Re8 24. h5 gxh5 25. Rxh5 Rc7 26. Reh1 f6 27. Be3
Kf7 28. Ng3 1-0

[Event "AUTO-OPEN-4643"]
[Site "http://www.queenalice.com/game.php?id=1870481"]
[Date "2026.3.13"]
[Round "1"]
[White "mvson33"]
[Black "shmurtz91"]
[Result "0-1"]
[WhiteElo "1879"]
[BlackElo "1989"]

1. e4 e5 2. Nf3 d6 3. Bc4 h6 4. Nc3 c6 5. Bb3 Nd7 6. d3 Nc5 7. O-O Bg4 8. Qe2
Nf6 9. Bd2 Ne6 10. Qe3 d5 11. exd5 cxd5 12. Qe1 Bxf3 13. gxf3 d4 14. Qxe5 Nd7
15. Qg3 dxc3 16. Bxc3 Be7 17. Rad1 Qb6 18. Rfe1 O-O-O 19. Re2 Bd6 20. Qg2 Nf4
21. Qf1 Nxe2+ 22. Qxe2 g5 23. Bxh8 Rxh8 24. Qe4 Kb8 25. Qd4 Qxd4 26. c3 Qf4 0-1

[Event "AUTO-ADV-4927"]
[Site "http://www.queenalice.com/game.php?id=1871249"]
[Date "2026.3.30"]
[Round "1"]
[White "bdpq"]
[Black "shmurtz91"]
[Result "0-1"]
[WhiteElo "1673"]
[BlackElo "1885"]

1. e4 Nc6 2. d3 e5 3. Nf3 Bc5 4. Be3 b6 5. Bxc5 bxc5 6. Nc3 Nf6 7. Qd2 d5 8.
O-O-O h6 9. g3 a5 10. Bg2 Bd7 11. Nh4 d4 12. Nb5 Be6 13. Nf5 O-O 14. Nxh6+ gxh6
15. Qxh6 Nh7 16. f4 Bxa2 17. f5 Rb8 18. Na3 Nb4 19. g4 Qg5+ 20. Qxg5+ Nxg5 21.
h4 Nh7 22. b3 a4 23. bxa4 Ra8 24. Kd2 Rxa4 25. Nb1 c4 26. dxc4 Bxc4 27. Ke1
Nxc2+ 28. Kf2 Nf6 29. g5 Ng4+ 30. Kf3 Nce3 31. Rc1 Ra2 32. Rhg1 Nh2+ 33. Kg3
Nhg4 34. h5 Kh7 35. Bh3 Nf2 36. Kh4 Bd3 37. f6 Bxe4 38. Bg2 Bf5 39. Rxc7 Be6 40.
Rgc1 Nxg2+ 41. Kg3 Ne4+ 42. Kf3 Nxg5+ 43. Kg3 Ne4+ 44. Kh2 Rg8 45. R1c6 Nf4+ 46.
Kh1 Bd5 47. Rb6 Nxf6# 0-1

[Event "AUTO-ADV-4927"]
[Site "http://www.queenalice.com/game.php?id=1871261"]
[Date "2026.3.30"]
[Round "1"]
[White "Capixabba789"]
[Black "shmurtz91"]
[Result "1-0"]
[WhiteElo "1881"]
[BlackElo "2011"]

1. d4 Nf6 2. c4 d5 3. Nc3 Nc6 4. cxd5 Nxd5 5. Bd2 e5 6. dxe5 Bg4 7. Nf3 h6 8. h3
Bh5 9. e3 Qe7 10. Nxd5 Qd7 11. Bc4 O-O-O 12. g4 Bg6 13. Qb3 Na5 14. Bxa5 1-0

[Event "AUTO-ADV-4927"]
[Site "http://www.queenalice.com/game.php?id=1871262"]
[Date "2026.3.30"]
[Round "1"]
[White "shmurtz91"]
[Black "Capixabba789"]
[Result "0-1"]
[WhiteElo "1990"]
[BlackElo "1843"]

1. Nf3 d6 2. e4 e5 3. Bc4 Be7 4. Nc3 Nf6 5. Nd5 O-O 6. c3 Bd7 7. a4 c6 8. Nb4 a5
9. Nc2 Na6 10. Qe2 Nc5 11. d3 b6 12. b4 axb4 13. cxb4 Ne6 14. O-O c5 15. a5 bxa5
16. b5 Nd4 17. Na3 Nxe2+ 0-1

[Event "AUTO-ADV-4927"]
[Site "http://www.queenalice.com/game.php?id=1871269"]
[Date "2026.3.30"]
[Round "1"]
[White "shmurtz91"]
[Black "Daniel1962"]
[Result "1-0"]
[WhiteElo "1888"]
[BlackElo "1743"]

1. Nf3 b6 2. d4 Bb7 3. d5 d6 4. c4 Nf6 5. Nc3 Ne4 6. Nxe4 g6 7. Qd4 f6 8. Neg5
e5 9. Qg4 fxg5 10. Nxg5 Qe7 11. Ne6 Bc8 12. Ng7+ Bxg7 13. Qxc8+ Qd8 14. Qb7 Nd7
15. e4 O-O 16. Qc6 Nc5 17. f3 Na4 18. Qxa4 Qh4+ 19. g3 Qd8 20. Be2 a5 21. Bd2
Qe7 22. h4 h5 23. g4 hxg4 24. fxg4 Qf6 25. O-O-O Qf2 26. Rde1 Qd4 27. Qc2 a4 28.
g5 a3 29. b3 Qa1+ 30. Qb1 Qxb1+ 31. Kxb1 Rf2 32. Be3 Rg2 33. Bc1 Rg3 34. Bf1 Kf7
35. Bh3 Rf8 36. Bxa3 Rd3 37. Bc1 Ke7 38. Bg4 Rg3 39. Be6 Rg2 40. Reg1 Re2 41. h5
gxh5 42. Rxh5 Rff2 43. Bg4 Rxa2 44. Rh7 Kf8 45. Be6 Rac2 46. g6 Rc3 47. Bh6
Rxb3+ 48. Kc1 Rc3+ 49. Kd1 Bxh6 50. g7+ Bxg7 51. Rhxg7 Ke8 52. Rxc7 b5 53. Rg8+
Rf8 54. Rc8+ Ke7 55. Rgxf8 bxc4 56. Rce8# 1-0

[Event "AUTO-ADV-4927"]
[Site "http://www.queenalice.com/game.php?id=1871270"]
[Date "2026.3.30"]
[Round "1"]
[White "Daniel1962"]
[Black "shmurtz91"]
[Result "0-1"]
[WhiteElo "1736"]
[BlackElo "1933"]

1. e4 Nc6 2. Bc4 e6 3. d4 g6 4. d5 Ne5 5. Qd4 Qf6 6. c3 b6 7. dxe6 Nxc4 8. exd7+
Bxd7 9. Qxc4 Ne7 10. Qxc7 Nc6 11. Qb7 Rd8 12. Nd2 Bc8 13. Qc7 Ne5 14. Qxa7 Nd3+
15. Kd1 Qxf2 16. Ngf3 Bg4 17. Qa4+ Bd7 18. Qc4 Bc5 19. b3 Nf4 20. Ng5 Nxg2 21.
Rf1 Ne3# 0-1

[Event "AUTO-ADV-4930"]
[Site "http://www.queenalice.com/game.php?id=1871936"]
[Date "2026.4.14"]
[Round "1"]
[White "SGF"]
[Black "shmurtz91"]
[Result "1-0"]
[WhiteElo "1626"]
[BlackElo "1912"]

1. e4 e5 2. Qf3 Nc6 3. c3 Bc5 4. Bc4 Nf6 5. d3 h6 6. h4 Na5 7. b4 Nxc4 8. dxc4
Be7 9. a4 c6 10. Ne2 d5 11. cxd5 cxd5 12. exd5 Bg4 13. Qd3 Nxd5 14. f3 Be6 15.
O-O Bxh4 16. g3 Bxg3 17. Nxg3 Qh4 18. Nf5 O-O-O 19. Nxh4 g5 20. Ng2 Nf4 21. Nxf4
gxf4 22. Qe4 Rhg8+ 23. Kf2 Rg3 24. Qxe5 Rdg8 25. Bxf4 1-0

[Event "AUTO-ADV-4930"]
[Site "http://www.queenalice.com/game.php?id=1871937"]
[Date "2026.4.14"]
[Round "1"]
[White "shmurtz91"]
[Black "SGF"]
[Result "1-0"]
[WhiteElo "1880"]
[BlackElo "1688"]

1. e4 e5 2. Nf3 Qf6 3. Nc3 c6 4. Bc4 b5 5. Bb3 a5 6. a4 b4 7. Na2 d6 8. c3 Be7
9. cxb4 Qg6 10. d3 Bf6 11. Be3 Qxg2 12. Rg1 Qh3 13. d4 h5 14. Rxg7 Bxg7 15.
Bxf7+ Kxf7 16. Ng5+ Ke8 17. Nxh3 Bxh3 18. d5 axb4 19. Nxb4 c5 20. Nc6 Nxc6 21.
dxc6 Bg2 22. Qxd6 Bxe4 23. Qd7+ Kf8 24. Bxc5+ Ne7 25. Qxe7+ Kg8 26. O-O-O Rh7
27. Qe6+ Kh8 28. c7 Rh6 29. Rd8+ Rxd8 30. cxd8=Q+ Kh7 31. Qdg8# 1-0